[Event "Ch Romania"]
[Site "masterchessopen.com Romania"]
[Round "19"]
[White "Botez Constantin (ROM)"]
[Black "Reicher Emanoil (ROM)"]
[Result "1-0"]
[WhiteElo "2245"]
[BlackElo "2310"]

1.d4 Nf6 2.c4 g6 3.Nc3 Bg7 4.e4 d6 5.f3 O-O 6.Be3 Nc6 7.Nge2 a6 8.Qd2 Bd7
9.Nc1 e5 10.Nb3 Qb8 11.d5 Ne7 12.g4 Rd8 13.O-O-O b5 14.c5 b4 15.Ne2 Ba4 16.c6
a5 17.Qc2 Nc8 18.Kb1 Na7 19.Ng3 Nb5 20.Bxb5 Qxb5 21.h4 Bxb3 22.Qxb3 a4 23.Qd3
Qxd3+ 24.Rxd3 Rdb8 25.h5 Ne8 26.Rd2 Rb5 27.Rdh2 Nf6 28.Rd1 Raa5 29.Rhd2 Bf8
30.Rh2 Ra6 31.Rhd2 Raa5 32.Rh2 Ra6 33.hxg6 hxg6 34.Bg5 Bg7 35.Rd3 Kf8 36.Rhd2
Ng8 37.Rh2 Raa5 38.Rhd2 Ne7 39.Rd1 Nc8 40.Rc1 Nb6 41.Bd2 Ra8 42.Be3 Ke7
43.Rdd1 Raa5 44.Rd2 Ra8 45.Rh2 Kf8 46.g5 Raa5 47.Nh1 Nc8 48.Nf2 Ne7 49.Ng4 Ng8
50.Rf1 Ra8 51.Rhf2 Re8 52.f4 exf4 53.Rxf4 Re7 54.Nf6 Bxf6 55.gxf6 Re5 56.Rh1
Rh5 57.Rxh5 gxh5 58.e5 {#r} 1-0

[Event "Ch URS (team)"]
[Site "masterchessopen.com Moscow (Russia)"]
[Round "0"]
[White "Polugaevsky Lev A (RUS)"]
[Black "Gurgenidze Bukhuti (GEO)"]
[Result "1/2-1/2"]
[WhiteElo "2585"]
[BlackElo "2108"]

1.d4 Nf6 2.c4 g6 3.Nc3 Bg7 4.e4 d6 5.f3 O-O 6.Be3 Nc6 7.Nge2 a6 8.Qd2 Bd7 9.h4
Rb8 10.h5 b5 11.Bh6 e5 12.Nd5 bxc4 13.hxg6 fxg6 14.Bxg7 Kxg7 15.Qh6+ Kf7
16.Nec3 Nxd4 17.Bxc4 Be6 18.O-O-O c6 19.Nxf6 Bxc4 20.Nxh7 Rg8 21.Rd2 Qa5
22.Qh3 Ke7 23.Qh4+ g5 24.Nxg5 Rxb2 25.Nd5+ Bxd5 26.Rxb2 Qc3+ 27.Kb1 Qd3+
28.Ka1 Nc2+ 29.Rxc2 Qxc2 30.Qh7+ Kd8 31.exd5 Qc3+ 32.Kb1 Qb4+ 33.Ka1 Qc3+
34.Kb1 {#d} 1/2-1/2

[Event "Olympiad"]
[Site "masterchessopen.com Tel Aviv (Israel)"]
[Round "1"]
[White "Vranesic Zvonko (CAN)"]
[Black "Medina-Garcia Antonio (ESP)"]
[Result "1/2-1/2"]
[WhiteElo "2320"]
[BlackElo "2253"]

1.d4 Nf6 2.c4 g6 3.Nc3 Bg7 4.e4 d6 5.f3 O-O 6.Be3 Nc6 7.Nge2 a6 8.Qd2 Bd7
9.Bh6 e5 10.d5 Ne7 11.h4 Bxh6 12.Qxh6 Kh8 13.g4 Nfg8 14.Qd2 f5 15.exf5 gxf5
16.g5 f4 17.O-O-O Nf5 18.Bh3 Ne3 19.Rdg1 Ne7 20.h5 Bxh3 21.Rxh3 Qd7 22.Rhh1
N7f5 23.Ne4 Nxc4 24.Qc3 Qb5 25.Nf6 Rf7 26.b3 Nce3 27.Nxf4 exf4 28.g6 Re7
29.Nxh7+ Re5 30.Ng5 Nxd5 31.Nf7+ Kg7 32.Qb2 Nb4 33.Nxe5 dxe5 34.Rd1 Nd3+
35.Rxd3 Qxd3 36.Qxe5+ Kh6 37.Qxf4+ Kg7 38.Qxc7+ Kf6 39.Qf7+ Kg5 40.Rg1+ Kf4
41.Qc7+ Nd6 42.g7 {#d} 1/2-1/2

[Event "Olympiad"]
[Site "masterchessopen.com Habana (Cuba)"]
[Round "0"]
[White "Szabo Laszlo (HUN)"]
[Black "Medina-Garcia Antonio (ESP)"]
[Result "1-0"]
[WhiteElo "1903"]
[BlackElo "2253"]

1.d4 Nf6 2.c4 g6 3.Nc3 Bg7 4.e4 d6 5.f3 O-O 6.Be3 Nc6 7.Nge2 a6 8.Qd2 Bd7
9.Rb1 Rb8 10.b4 b5 11.cxb5 axb5 12.d5 Ne5 13.Nd4 Qe8 14.Be2 Nc4 15.Bxc4 bxc4
16.O-O e5 17.Nc2 Nh5 18.Na3 f5 19.Nxc4 fxe4 20.Nxe4 Nf4 21.Rfc1 Bb5 22.Kh1 Qd7
23.Na5 Bd3 24.Rb3 Bxe4 25.fxe4 Rf7 26.Nc6 Re8 27.Qd1 h5 28.a4 Bh6 29.Ra1 Kh7
30.Bg1 h4 31.a5 h3 32.g3 Nh5 33.Qe2 Nf6 34.Rf3 Qg4 35.a6 Bg7 36.Rf2 Qxe2
37.Rxe2 Ng4 38.a7 Ra8 39.Ree1 Bh6 40.Rf1 Kg8 41.Rxf7 {#r} 1-0

[Event "It"]
[Site "masterchessopen.com Reykjavik (Iceland)"]
[Round "8"]
[White "O'kelly De Galway Alberic (BEL)"]
[Black "Vasiukov Evgeni (RUS)"]
[Result "1/2-1/2"]
[WhiteElo "2460"]
[BlackElo "2455"]

1.d4 Nf6 2.c4 g6 3.Nc3 Bg7 4.e4 d6 5.f3 O-O 6.Be3 Nc6 7.Qd2 a6 8.Nge2 Bd7 9.a3
Qb8 10.Nc1 e5 11.Nb3 exd4 12.Nxd4 b5 13.Nxc6 Bxc6 14.Nd5 Re8 15.Bg5 Bxd5
16.cxd5 Nd7 17.Be2 Nc5 18.Qc2 Na4 19.Rb1 Qb6 20.Bd2 {#d} 1/2-1/2

[Event "Ch USA (team)"]
[Site "masterchessopen.com New York (USA)"]
[Round "0"]
[White "Benko Pal C (USA)"]
[Black "Harris Kim L (ENG)"]
[Result "1-0"]
[WhiteElo "2408"]
[BlackElo "2205"]

1.d4 Nf6 2.c4 g6 3.Nc3 Bg7 4.e4 O-O 5.Be3 d6 6.f3 Nc6 7.Nge2 Bd7 8.Qd2 a6
9.Bh6 Rb8 10.O-O-O b5 11.h4 e5 12.Bxg7 Kxg7 13.g4 Ng8 14.g5 bxc4 15.d5 Na7
16.h5 Qe7 17.Qe3 Rb7 18.Rd2 Nb5 19.a4 Nxc3 20.Nxc3 Rfb8 21.Bxc4 Rb4 22.b3 Qe8
23.Rc2 Ne7 24.hxg6 hxg6 25.f4 Ng8 26.Rf2 exf4 27.Qxf4 Qe7 28.Rhf1 Be8 29.Kc2
R4b6 30.Qf6+ Qxf6 31.gxf6+ Kf8 32.Rh2 Bd7 33.Rh8 Bg4 34.Rfh1 Bh5 35.Be2 Rxb3
36.Bxh5 gxh5 37.Rg1 {#r} 1-0

[Event "It"]
[Site "masterchessopen.com Buesum (Germany)"]
[Round "6"]
[White "Saemisch Friedrich (GER)"]
[Black "Szabo Laszlo (HUN)"]
[Result "0-1"]
[WhiteElo "2200"]
[BlackElo "1903"]

1.d4 Nf6 2.c4 g6 3.Nc3 Bg7 4.e4 d6 5.f3 a6 6.Be3 Nc6 7.Qd2 O-O 8.Nge2 Bd7
9.Rc1 Rb8 10.g3 e5 11.d5 Ne7 12.Bg2 Ne8 13.O-O f5 14.f4 Nf6 15.fxe5 dxe5
16.Bg5 Qe8 17.h3 Nc8 18.c5 Nh5 19.exf5 gxf5 20.c6 bxc6 21.dxc6 Be6 22.Nd5 Rf7
{#R} 0-1

[Event "It"]
[Site "masterchessopen.com Wijk aan Zee (Netherlands)"]
[Round "12"]
[White "Ree Hans (NED)"]
[Black "Medina-Garcia Antonio (ESP)"]
[Result "0-1"]
[WhiteElo "2379"]
[BlackElo "2253"]

1.d4 g6 2.c4 Nf6 3.Nc3 Bg7 4.e4 d6 5.f3 O-O 6.Be3 Nc6 7.Nge2 a6 8.Qd2 Bd7
9.Bh6 e5 10.d5 Ne7 11.h4 Bxh6 12.Qxh6 Kh8 13.Qd2 Neg8 14.g4 h5 15.Ng3 hxg4
16.h5 g5 17.Qxg5 Nh7 18.Qxd8 Raxd8 19.fxg4 Nh6 20.Be2 Nxg4 21.Kd2 Rg8 22.Raf1
Nh6 23.Rhg1 Rg5 24.Bd3 Bh3 25.Rc1 Rdg8 26.Nce2 R5g7 27.Nh1 Rxg1 28.Nxg1 Rg2+
29.Ne2 Ng5 30.Ng3 Nf3+ 31.Kc3 Bg4 32.Nf1 Ng5 33.Neg3 Nh3 34.Rc2 Rg1 35.b4 Nf4
36.Rf2 Bh3 37.Ne2 Nxd3 {#R} 0-1

[Event "It (b)"]
[Site "masterchessopen.com Wijk aan Zee (Netherlands)"]
[Round "13"]
[White "Sokolov Vladimir (SRB)"]
[Black "Medina-Garcia Antonio (ESP)"]
[Result "1/2-1/2"]
[WhiteElo "2310"]
[BlackElo "2253"]

1.d4 Nf6 2.c4 g6 3.Nc3 Bg7 4.e4 d6 5.f3 O-O 6.Be3 Nc6 7.Qd2 a6 8.Nge2 Bd7
9.Rd1 b5 10.cxb5 axb5 11.Nxb5 Rxa2 12.Nec3 Ra8 13.Be2 Qb8 14.O-O Nb4 15.Ra1 c6
16.Na3 d5 17.e5 Ne8 18.Nc2 Nxc2 19.Qxc2 Nc7 20.Na4 Ne6 21.Qc3 f6 22.exf6 exf6
23.f4 f5 24.b4 Re8 25.g3 Nxd4 26.Bxd4 Bxd4+ 27.Qxd4 Rxe2 28.Nc5 Rxa1 29.Rxa1
Be8 30.Qf6 Qxb4 31.Ne6 Re1+ 32.Rxe1 Qxe1+ 33.Kg2 Qe2+ 34.Kg1 {#d} 1/2-1/2

[Event "It (open)"]
[Site "masterchessopen.com Villa Gesell (Argentina)"]
[Round "1"]
[White "Fernandez Ignacio (ARG)"]
[Black "Ocampo Raul (ARG)"]
[Result "0-1"]
[WhiteElo "2265"]
[BlackElo "2315"]

1.d4 Nf6 2.c4 g6 3.Nc3 Bg7 4.e4 d6 5.f3 O-O 6.Be3 Nc6 7.Nge2 a6 8.Qd2 Bd7
9.Nc1 e5 10.Nb3 exd4 11.Nxd4 Re8 12.Be2 Ne5 13.O-O c6 14.a4 Qa5 15.b4 Qxb4
16.Rab1 Qc5 17.Nf5 gxf5 18.Bxc5 dxc5 19.Rxb7 fxe4 20.fxe4 Bg4 21.Rd1 Be6
22.Qg5 Nfd7 23.Rf1 Nf8 24.Nd1 Nxc4 25.Rfxf7 Bxf7 26.Rxf7 Kxf7 27.Bxc4+ Ne6
28.Qf5+ Kg8 29.Bxe6+ Kh8 30.e5 Re7 31.Ne3 Rf8 32.Qg4 Bxe5 33.Nc2 Bg7 34.g3 Rb7
35.Bc4 Rd8 36.Qe4 Rbd7 37.Kg2 a5 38.Kh3 Rd6 39.Ne3 Rh6+ 40.Kg2 Rd2+ 41.Kf3
Rf6+ 42.Nf5 Rd4 43.Qe8+ Rf8 44.Qe6 Rxc4 45.Qxc4 Rxf5+ 46.Kg4 Rd5 47.Qa6 h5+
48.Kf4 Rd2 49.Qxa5 Rd4+ 50.Kg5 Rd5+ 51.Kg6 Rd6+ 52.Kxh5 c4 53.Qa8+ Kh7 54.Qe8
c3 55.Qe4+ Kg8 56.g4 Rh6+ 57.Kg5 Rxh2 58.Qxc6 c2 59.Qc8+ Kh7 60.Qc7 c1=Q+ {#R}
0-1

[Event "It \"]
[Site "masterchessopen.com Rome (Italy)"]
[Round "-54"]
[White "Gervasi Giancarlo (ITA)"]
[Black "D'Amore Carlo (ITA)"]
[Result "1-0"]
[WhiteElo "2303"]
[BlackElo "2493"]

1.c4 Nf6 2.Nc3 g6 3.e4 d6 4.d4 Bg7 5.f3 O-O 6.Be3 Nc6 7.Nge2 a6 8.Qd2 Bd7
9.O-O-O b5 10.Bh6 e5 11.d5 Na5 12.Ng3 b4 13.Nb1 c5 14.dxc6 Nxc6 15.h4 Bxh6
16.Qxh6 Ne8 17.h5 g5 18.Nf5 Bxf5 19.exf5 f6 20.Bd3 Ng7 21.Nd2 Ne7 22.g4 d5
23.Kb1 Rc8 24.cxd5 Nxd5 25.Ne4 Kh8 26.Nxg5 fxg5 27.f6 Nxf6 28.Bxa6 Qe7 29.Bxc8
Rxc8 30.Qxg5 Qe6 31.h6 Nge8 32.Rhe1 Ra8 33.b3 Nd5 34.Rxe5 Nc3+ 35.Kc1 Qg6
36.Qxg6 hxg6 37.Rd7 Nf6 38.Rd6 Ng8 39.f4 Nxh6 40.Rxg6 Kh7 41.f5 {#r} 1-0

[Event "It"]
[Site "masterchessopen.com Moscow (Russia)"]
[Round "0"]
[White "Razuvaev Yuri S (RUS)"]
[Black "Hebden Mark (ENG)"]
[Result "1-0"]
[WhiteElo "2535"]
[BlackElo "2445"]

1.c4 g6 2.d4 Bg7 3.Nc3 Nf6 4.e4 d6 5.f3 O-O 6.Be3 Nc6 7.Nge2 a6 8.Qd2 Bd7
9.Bh6 Bxh6 10.Qxh6 e5 11.d5 Na5 12.Ng3 c5 13.Be2 b5 14.b3 bxc4 15.bxc4 Kh8
16.O-O Rb8 17.Qc1 Kg7 18.Nd1 h5 19.Bd3 h4 20.Ne2 Nh5 21.Qc3 Rb4 22.Ne3 Kh7
23.Nc2 Rb8 24.f4 Ba4 25.Ne3 exf4 26.Nxf4 Qf6 27.e5 Qxe5 28.Qxe5 dxe5 29.Nxh5
f5 30.g4 f4 31.Ng2 Kh6 32.Nhxf4 exf4 33.Nxf4 Bd7 34.Nxg6 Rxf1+ 35.Rxf1 Nxc4
36.Nf8 Ne5 37.Nxd7 Nxd7 38.Rf5 Kg7 39.Bxa6 Rb4 40.h3 c4 41.Rf2 Nc5 42.Bc8 Nd3
43.Rc2 Rb1+ 44.Kh2 Rd1 45.Bf5 Ne5 46.Be4 Rd4 47.Re2 Kf6 48.Bc2 Rxd5 49.Kg2 Ra5
50.a4 Nd3 51.Re4 Nb4 52.Bd1 Nd5 53.Kf3 Nb6 54.Rf4+ Ke6 55.Bc2 Nxa4 56.Rxc4 Nc5
57.g5 Nd7 58.Kf4 Ke7 59.Bf5 Nc5 60.Kg4 Nb3 61.Rc7+ Kd6 62.Rd7+ Ke5 63.Re7+ Kd6
64.Re6+ Kd5 65.Re3 Nd4 66.Bg6 Kd6 67.Bf7 Nf5 68.Re4 Re5 69.Rf4 Ne3+ 70.Kh5 Ke7
71.Bg6 Nd5 72.Rf7+ Ke6 73.Rf2 Ne7 74.Bf7+ Kd6 75.Rd2+ Kc7 76.Kxh4 Nf5+ 77.Kg4
Nd6 78.Bd5 {#r} 1-0

[Event "Ch Bayern (b)"]
[Site "masterchessopen.com Bayern (Germany)"]
[Round "0"]
[White "Wallinger Manfred (GER)"]
[Black "Reichel Alfred (GER)"]
[Result "1-0"]
[WhiteElo "2150"]
[BlackElo "2232"]

1.d4 Nf6 2.c4 g6 3.Nc3 Bg7 4.e4 d6 5.f3 O-O 6.Be3 Nc6 7.Nge2 Bd7 8.Qd2 a6 9.h4
h5 10.O-O-O b5 11.Bh6 bxc4 12.g4 e5 13.d5 Nd4 14.Nxd4 Bxh6 15.Qxh6 exd4
16.Rxd4 hxg4 17.h5 Nxh5 18.e5 gxf3 19.Ne4 dxe5 20.Ng5 Qxg5+ 21.Qxg5 exd4
22.Rxh5 c3 23.bxc3 dxc3 24.Rh1 {#r} 1-0

[Event "Ch World (juniors) (under 14)"]
[Site "masterchessopen.com Duisburg (Germany)"]
[Round "0"]
[White "Dao Thien Hai (VIE)"]
[Black "Matikozian Andranik (ARM)"]
[Result "1-0"]
[WhiteElo "2493"]
[BlackElo "2464"]

1.d4 Nf6 2.c4 g6 3.Nc3 Bg7 4.e4 d6 5.f3 O-O 6.Be3 Nc6 7.Nge2 Bd7 8.Qd2 a6
9.Nc1 e5 10.d5 Ne7 11.Nb3 b6 12.Bd3 Ne8 13.O-O-O b5 14.c5 b4 15.Ne2 a5 16.Kb1
Ba4 17.Rc1 Qb8 18.h4 Nf6 19.g4 h5 20.gxh5 Nxh5 21.Bc4 Bb5 22.Qd3 Bxc4 23.Qxc4
Kh7 24.Nd2 Bh6 25.Bxh6 Kxh6 26.f4 exf4 27.Rhf1 f5 28.Nxf4 Nxf4 29.Rxf4 fxe4
30.Rxe4 Nf5 31.Re6 Qd8 32.h5 Rf6 33.Qf4+ Kg7 34.Rg1 Nh4 35.Qd4 dxc5 36.Qe5 Kf7
37.hxg6+ Nxg6 38.Qe4 Nf8 39.Rxf6+ Kxf6 40.Qf4+ Ke7 41.Rg7+ Ke8 42.Qf7# 1-0

[Event "It (w)"]
[Site "masterchessopen.com Simferopol (Ukraine)"]
[Round "0"]
[White "Danielian Elina (ARM)"]
[Black "Ungure Liga (LAT)"]
[Result "1-0"]
[WhiteElo "2517"]
[BlackElo "2077"]

1.d4 Nf6 2.c4 g6 3.Nc3 Bg7 4.e4 d6 5.f3 O-O 6.Be3 Nc6 7.Qd2 a6 8.Nge2 Bd7 9.g4
e5 10.d5 Ne7 11.Ng3 Ne8 12.Rg1 f5 13.gxf5 gxf5 14.Bh6 f4 15.Nh5 Ng6 16.Bg5 Bf6
17.Nxf6+ Nxf6 18.h4 Kf7 19.Qh2 Rg8 20.O-O-O Qf8 21.h5 Ne7 22.Bh3 Qc8 23.Bxd7
Nxd7 24.Qh4 Qe8 25.Qh3 Nf8 26.Rg4 b5 27.Rdg1 bxc4 28.Bh6 Nfg6 29.hxg6+ hxg6
30.Rxf4+ {#r} 1-0

[Event "It (open)"]
[Site "masterchessopen.com Cappelle la Grande (France)"]
[Round "6"]
[White "Elsness Frode (NOR)"]
[Black "Nalbandian Tigran (ARM)"]
[Result "1-0"]
[WhiteElo "2300"]
[BlackElo "2460"]

1.d4 Nf6 2.c4 g6 3.Nc3 Bg7 4.e4 d6 5.f3 O-O 6.Be3 Nc6 7.Nge2 a6 8.Qd2 Bd7 9.h4
h5 10.Nd5 Nh7 11.O-O-O e6 12.Ndf4 e5 13.dxe5 Nxe5 14.Nc3 b6 15.Be2 Be6 16.Nxe6
fxe6 17.f4 Ng4 18.Bxg4 hxg4 19.Qe2 Bxc3 20.bxc3 Qe8 21.e5 dxe5 22.fxe5 Rf5
23.Qxg4 Rxe5 24.Bd4 Rf5 25.Qe4 e5 26.Qd5+ Kf8 27.Be3 Kg7 28.g4 Rf8 29.h5 Nf6
30.Qg2 Qe6 31.hxg6 Rh8 32.Bh6+ Rxh6 33.Rxh6 Qxc4 34.g5 Qxc3+ 35.Kb1 Qb4+
36.Ka1 Qc3+ 37.Kb1 Qb4+ 38.Ka1 Qc3+ 39.Qb2 Qxb2+ 40.Kxb2 e4 41.Rf1 Nd7 42.Rf7+
Kg8 43.Rxd7 {#r} 1-0

[Event "It (open)"]
[Site "masterchessopen.com Leiner"]
[Round "7"]
[White "Krumpacnik Domen (SLO)"]
[Black "Ebner Hubert (AUT)"]
[Result "0-1"]
[WhiteElo "2385"]
[BlackElo "2265"]

1.d4 Nf6 2.c4 g6 3.Nc3 Bg7 4.e4 d6 5.f3 O-O 6.Be3 Nc6 7.Nge2 a6 8.Qd2 Bd7 9.g4
b5 10.g5 Nh5 11.cxb5 axb5 12.Nxb5 Ne5 13.Ng1 Nc6 14.Bd3 Na5 15.Na3 Qb8 16.Ne2
Bh3 17.Ng3 c5 18.Nxh5 cxd4 19.Bf2 gxh5 20.Ke2 Nc6 21.Nc4 Nb4 22.a3 Nxd3
23.Qxd3 d5 24.exd5 Rd8 25.d6 Qb5 26.Bxd4 Bf5 27.Qc3 Bxd4 28.Qxd4 Rxd6 29.Qc3
Bd3+ 30.Qxd3 Rxd3 31.Kxd3 Qb3+ {#R} 0-1

[Event "It (open)"]
[Site "masterchessopen.com Villa Ballester (Argentina)"]
[Round "9"]
[White "Anelli Antonio (ARG)"]
[Black "Celis Gustavo (ARG)"]
[Result "1-0"]
[WhiteElo "2145"]
[BlackElo "2390"]

1.c4 g6 2.d4 Nf6 3.Nc3 Bg7 4.e4 d6 5.f3 O-O 6.Be3 Nc6 7.Nge2 a6 8.Qd2 Bd7
9.Nc1 Qb8 10.Nb3 a5 11.O-O-O a4 12.Na1 e5 13.d5 Nd4 14.Nc2 c5 15.dxc6 bxc6
16.Nxd4 exd4 17.Bxd4 Be6 18.Kb1 Qb7 19.Rc1 Rfb8 20.Rc2 c5 21.Be3 Nd7 22.Nb5
Ra6 23.Nxd6 Qb6 24.Nb5 Ne5 25.Be2 Ra5 26.Na3 Nc6 27.Nb5 Nb4 28.Qxb4 cxb4
29.Bxb6 Rxb6 30.Rd1 b3 31.Rd8+ Bf8 32.axb3 axb3 33.Rc3 Ra4 34.Rxb3 Kg7 35.Nc3
Rxb3 36.Nxa4 Be7 37.Rd2 Rb4 38.Nc3 {#r} 1-0

[Event "It (open)"]
[Site "masterchessopen.com Passau (Germany)"]
[Round "2"]
[White "Meiser Markus (GER)"]
[Black "Germann Heike (GER)"]
[Result "1/2-1/2"]
[WhiteElo "2205"]
[BlackElo "2094"]

1.d4 Nf6 2.c4 g6 3.Nc3 Bg7 4.e4 d6 5.Be3 O-O 6.f3 Nc6 7.Qd2 a6 8.Nge2 Bd7
9.Nc1 Na7 10.Bd3 b5 11.O-O Rc8 12.Nb3 c6 13.a4 b4 14.Ne2 a5 15.c5 Be6 16.Qc2
Bxb3 17.Qxb3 dxc5 18.dxc5 Rc7 19.Rad1 Rd7 20.Bc4 e6 21.Rd6 Qe7 22.e5 Nd5
23.Bd4 Rfd8 24.f4 Nc7 25.Ng3 Nc8 26.Ne4 Ne8 27.Rd1 Ncxd6 28.cxd6 Qh4 29.g3 Qg4
30.Nf2 Qh5 31.Bb6 g5 32.Bxd8 Rxd8 33.Re1 Kh8 34.Qe3 gxf4 35.Qxf4 Bh6 36.Qg4
Qxg4 37.Nxg4 Bg7 38.Bb3 f6 39.exf6 Nxf6 40.Nxf6 Bxf6 41.Rxe6 {#d} 1/2-1/2

[Event "Ch Sweden (master's group)"]
[Site "masterchessopen.com Ronneby (Sweden)"]
[Round "12"]
[White "Nordstrom Felix (SWE)"]
[Black "Westlund Jan (SWE)"]
[Result "1-0"]
[WhiteElo "2165"]
[BlackElo "2159"]

1.d4 Nf6 2.c4 g6 3.Nc3 Bg7 4.e4 O-O 5.f3 d6 6.Be3 Nc6 7.Nge2 a6 8.Qd2 Bd7
9.Nc1 e5 10.d5 Nd4 11.N1e2 c5 12.dxc6 bxc6 13.Nxd4 exd4 14.Bxd4 Re8 15.Be2 d5
16.cxd5 cxd5 17.e5 Nh5 18.g4 Bxe5 19.gxh5 Bb5 20.Nxb5 axb5 21.Bxe5 Rxe5 22.O-O
Qe7 23.Rf2 {#r} 1-0

[Event "It (open)"]
[Site "masterchessopen.com Montcada (Spain)"]
[Round "2"]
[White "Gual Pascual Antonio (ESP)"]
[Black "Pham Guerrero Sergi (ESP)"]
[Result "0-1"]
[WhiteElo "2433"]
[BlackElo "2180"]

1.d4 Nf6 2.c4 g6 3.Nc3 Bg7 4.e4 d6 5.f3 O-O 6.Be3 Nc6 7.Nge2 a6 8.Qd2 Bd7
9.Bh6 Bxh6 10.Qxh6 b5 11.h4 e5 12.h5 Nxd4 13.Nd5 c6 14.hxg6 cxd5 15.g7 Re8
16.Nc3 Nf5 17.exf5 Bxf5 18.O-O-O bxc4 19.g4 Bg6 20.Rxd5 Nxd5 21.Nxd5 Re6
22.Bxc4 Rc8 23.b3 Bd3 24.Qh2 h6 25.Kd1 Bxc4 26.bxc4 Rxc4 27.Ne3 Rd4+ 28.Kc1
Qc7+ 29.Qc2 Qxc2+ 30.Kxc2 d5 31.g5 Rc6+ 32.Kb1 Rb4+ 33.Ka1 Kxg7 34.gxh6+ Kh7
35.Nxd5 Rb5 {#R} 0-1

[Event "Tournament (open)"]
[Site "masterchessopen.com Brazil"]
[Round "5"]
[White "Pereira Ernesto Luis De Assis (BRA)"]
[Black "Disconzi Da Silva Rodrigo (BRA)"]
[Result "0-1"]
[WhiteElo "2185"]
[BlackElo "2352"]

1.e4 g6 2.d4 Bg7 3.c4 d6 4.Nc3 Nf6 5.f3 O-O 6.Be3 a6 7.Qd2 Nc6 8.Nge2 Bd7
9.Nc1 e5 10.Nb3 exd4 11.Nxd4 Nh5 12.Nd5 Ne5 13.Bg5 f6 14.Be3 c6 15.Nc3 b5
16.cxb5 axb5 17.Be2 f5 18.exf5 gxf5 19.O-O b4 20.Nd1 f4 21.Bf2 Kh8 22.Bd3 Qg5
23.Kh1 Rf6 24.g4 Nxd3 25.Qxd3 Rh6 26.gxh5 Bh3 27.Rg1 Qxh5 28.Qd2 Be5 29.Ne3 c5
30.Ng2 cxd4 31.Bxd4 Bg4 32.Nh4 Bxf3+ 33.Nxf3 Qxf3+ 34.Rg2 Rg8 35.Bxe5+ dxe5
36.Qe2 Qd5 37.Qd2 Qc6 38.Qe2 Rh5 39.Kg1 Rhg5 {#R} 0-1

[Event "It (open)"]
[Site "masterchessopen.com Dresden (Germany)"]
[Round "5"]
[White "Meier Thomas (GER)"]
[Black "Petermann Hubert (GER)"]
[Result "1-0"]
[WhiteElo "2283"]
[BlackElo "2115"]

1.d4 Nf6 2.c4 g6 3.Nc3 Bg7 4.e4 O-O 5.f3 d6 6.Nge2 Nc6 7.Be3 a6 8.Qd2 Bd7
9.Nc1 e5 10.d5 Nd4 11.N1e2 Nxe2 12.Bxe2 Ne8 13.O-O f5 14.exf5 gxf5 15.f4 e4
16.Rac1 Nf6 17.Kh1 Qe7 18.Nb1 Ng4 19.Bxg4 fxg4 20.g3 h5 21.Rfe1 Rf5 22.Kg1 h4
23.Re2 Rh5 24.Rg2 Rf8 25.Re1 b5 26.Na3 bxc4 27.Nxc4 Rff5 28.gxh4 Rxd5 29.Qe2
Qf7 30.Bc1 Rc5 31.Ne3 Rxh4 32.Nxg4 d5 33.Ne5 Qe7 34.Be3 Rh3 35.Nxd7 Rc4 36.Ne5
{#r} 1-0

[Event "It (cat.3)"]
[Site "masterchessopen.com Lohmar (Germany)"]
[Round "3"]
[White "Abolianin Arthur (BEL)"]
[Black "Roese Oliver (GER)"]
[Result "1/2-1/2"]
[WhiteElo "2384"]
[BlackElo "2319"]

1.c4 g6 2.Nc3 Bg7 3.d4 Nf6 4.e4 O-O 5.Be3 d6 6.f3 Nc6 7.Qd2 a6 8.Nge2 Bd7 9.g4
b5 10.h4 h5 11.g5 Ne8 12.cxb5 Na5 13.Nc1 axb5 14.Nxb5 c6 15.Nc3 Nc7 16.b4 Nb7
17.Rb1 Ra3 18.Bd3 e5 19.N1e2 d5 20.exd5 exd4 21.Bxd4 Bxd4 22.Nxd4 Nxd5 23.Nxd5
cxd5 24.Rb3 Ra7 25.Kf2 Qb6 26.Bb1 Nd6 27.Kg2 Nc4 28.Qf2 Ba4 29.Rd3 Qxb4 30.Nc6
Bxc6 31.Qxa7 Re8 32.Qf2 Nd6 33.Rd4 Qa5 34.Rc1 Qa6 35.Re1 Rb8 36.Bd3 Qa3 37.Re2
Qa5 38.Rb2 Re8 39.Rdb4 Qa8 40.Qc5 Nc4 41.Bxc4 dxc4 42.Rxc4 Bxf3+ 43.Kh2 Bd5
44.Rcb4 Bxa2 45.Qc7 Qd5 46.Rb8 Rxb8 47.Qxb8+ Kh7 48.Qf4 Qc4 49.Qg3 Qg4 50.Qf2
Bd5 51.Rd2 Qe4 52.Re2 Qg4 53.Re7 Qc4 54.Re2 Qc7+ 55.Qg3 Qxg3+ 56.Kxg3 Kg7
57.Re7 Bc4 58.Kf4 Bb3 59.Ke5 Bc4 60.Kd6 Bb3 61.Re3 Bc4 62.Ke7 Bd5 63.Re2 Bc4
64.Re4 Bd5 65.Rf4 Bb3 {#d} 1/2-1/2

[Event "Ch Russia (seniors)"]
[Site "masterchessopen.com Tula (Russia)"]
[Date "2004.05.13"]
[Round "4"]
[White "Kleiman B (RUS)"]
[Black "Zaitsev Igor A (RUS)"]
[Result "1/2-1/2"]
[WhiteElo "2316"]
[BlackElo "2413"]

1.d4 Nf6 2.c4 d6 3.Nc3 g6 4.e4 Bg7 5.f3 O-O 6.Be3 Nc6 7.Qd2 a6 8.Nge2 Bd7
9.Nc1 Nh5 10.Nb3 e5 11.O-O-O a5 12.d5 a4 13.dxc6 axb3 14.axb3 bxc6 15.c5 Be6
16.Bc4 Bxc4 17.bxc4 Qb8 18.cxd6 cxd6 19.Kc2 Qb7 20.Rb1 Qb4 21.Rhd1 Rfb8 22.b3
Bf8 23.Rb2 Nf4 24.Rdb1 Ne6 25.Ne2 Qa3 26.Kd1 Rd8 27.Nc1 d5 28.Ra2 Qxa2 29.Qxa2
Rxa2 30.Nxa2 dxc4+ 31.Kc2 Rd3 32.Bf2 Bh6 33.Rb2 Nd4+ 34.Bxd4 Rd2+ 35.Kb1 Rd1+
36.Kc2 Rd2+ 37.Kb1 Rxd4 38.bxc4 Rxc4 39.Rc2 Rxc2 40.Kxc2 Bf8 {#d} 1/2-1/2

[Event "Ch Finland (team) 2005/06 (1 Division)"]
[Site "masterchessopen.com Finland"]
[Date "2006.01.14"]
[Round "5"]
[White "Munukka Timo (FIN)"]
[Black "Behm Jukka (FIN)"]
[Result "1/2-1/2"]
[WhiteElo "2008"]
[BlackElo "2094"]

1.d4 Nf6 2.c4 g6 3.Nc3 Bg7 4.e4 d6 5.f3 O-O 6.Be3 Nc6 7.Nge2 a6 8.Qd2 Bd7
9.Bh6 e5 10.Bxg7 Kxg7 11.d5 {#d} 1/2-1/2

[Event "Tournament (regional)"]
[Site "masterchessopen.com Torun (Poland)"]
[Round "2"]
[White "Siwiec Bartlomiej (POL)"]
[Black "Komorowski Piotr (POL)"]
[Result "1-0"]
[WhiteElo "2213"]
[BlackElo "1899"]

1.d4 Nf6 2.c4 g6 3.Nc3 Bg7 4.e4 d6 5.f3 O-O 6.Be3 Nc6 7.Nge2 a6 8.Qd2 Bd7 9.d5
Ne5 10.Nd4 c5 11.dxc6 Nxc6 12.Be2 Rc8 13.O-O Ne5 14.b3 Nc6 15.Rad1 Qc7 16.Rfe1
Ne5 17.Kh1 h5 18.Bg5 Rfe8 19.Bxf6 Bxf6 20.Nd5 Qc5 21.Nxf6+ exf6 22.Nc2 Kg7
23.Ne3 Red8 24.Qc3 Be6 25.Rd4 Nc6 26.Rd2 a5 {#r} 1-0

[Event "It (open)"]
[Site "masterchessopen.com Villa Martelli (Argentina)"]
[Date "2007.10.13"]
[Round "4"]
[White "Iermito Sebastian (ARG)"]
[Black "Della Morte German (GER)"]
[Result "0-1"]
[WhiteElo "2334"]
[BlackElo "2346"]

1.d4 Nf6 2.c4 g6 3.Nc3 Bg7 4.e4 d6 5.f3 O-O 6.Be3 Nc6 7.Nge2 a6 8.Qd2 Bd7 9.a3
Rb8 10.b4 b5 11.cxb5 axb5 12.Nc1 e5 13.Nb3 exd4 14.Nxd4 Nxd4 15.Bxd4 Qe7
16.Be2 c5 17.Be3 Bc6 18.O-O Rfd8 19.Rfd1 cxb4 20.axb4 d5 21.Bc5 Qe8 22.e5 Nd7
23.Bd6 Bxe5 24.Bxb8 Rxb8 25.f4 Bg7 26.Bf3 Nb6 27.Rac1 d4 28.Bxc6 Qxc6 29.Ne2
Nc4 30.Qd3 Qd6 31.Qe4 f5 32.Qd3 Kh8 33.Nc3 Nb2 34.Qf3 Nxd1 35.Rxd1 Qxb4 36.Ne2
Re8 37.h3 h6 38.Nc1 Re3 39.Qf1 Qc4 40.Qf2 b4 41.Qd2 b3 {#R} 0-1

[Event "Ch World (juniors) (under 14)"]
[Site "masterchessopen.com Kemer (Turkey)"]
[Date "2007.11.19"]
[Round "2"]
[White "Tanaka C"]
[Black "Ochsner B"]
[Result "1/2-1/2"]
[WhiteElo "2166"]
[BlackElo "1879"]

1.d4 Nf6 2.c4 g6 3.Nc3 Bg7 4.e4 d6 5.f3 O-O 6.Be3 Nc6 7.Nge2 a6 8.Qd2 Bd7 9.h4
h5 10.Nc1 Rb8 11.Be2 Na7 12.Nb3 b6 13.O-O-O b5 14.Rdg1 bxc4 15.Bxc4 Nb5 16.Bh6
c5 17.d5 Nxc3 18.bxc3 a5 19.Kc2 a4 20.Nc1 Qa5 21.g4 a3 22.Nb3 Qa4 23.Bxg7 Kxg7
24.Qe2 Bb5 25.Bxb5 Rxb5 26.c4 Rb4 27.Kc3 Rfb8 28.Rb1 hxg4 29.f4 Rxc4+ 30.Qxc4
Nxe4+ 31.Kd3 {#d} 1/2-1/2